| 000 | 00908nam a2200301 i 4500 | ||
|---|---|---|---|
| 001 | 000047999 | ||
| 003 | DO-SdBNP | ||
| 005 | 20260224115651.0 | ||
| 007 | ta | ||
| 008 | 150212s2010 dr 000 0 spa d | ||
| 020 | _a9789945870190 | ||
| 040 |
_aDO-SdBNP _bspa _cBNPHU _erda |
||
| 082 |
_axx _bR789r _222 |
||
| 100 | 1 |
_922122 _aRosario Márquez, Roberto |
|
| 245 | 1 | 0 |
_aRegistro civil y derecho a la identidad / _cRoberto Rosario Márquez |
| 264 |
_aSanto Domingo : _bCorripio, _c2010 |
||
| 300 |
_a48 paginas ; _c22 cm. |
||
| 336 |
_2rdaconten. _atexto _btxt |
||
| 337 |
_2rdamedia _asin mediación _bn |
||
| 338 |
_2rdacarrier _avolumen _bnc |
||
| 490 |
_aEnsayos electorales ; _vVI |
||
| 590 | _aInventariado, 2023 / DG | ||
| 650 | 4 |
_aIdentidad _zRepública Dominicana _983275 |
|
| 650 | 0 |
_aRegistro civil _922161 |
|
| 830 |
_pJunta Central Electoral _983276 |
||
| 910 | _aDG | ||
| 942 |
_2ddc _cLF2 |
||
| 999 |
_c53291 _d53291 |
||